FICG 30 : 6-15 [de] marzo [de 2015] : programa de mano /

-д хадгалсан:
Номзүйн дэлгэрэнгүй
Байгууллагын зохиогч: Muestra de Cine Mexicano en Guadalajara ( Guadalajara, México)
Формат: Бага хурлын үйл явц Ном
Хэл сонгох:испани
Хэвлэсэн: Guadalajara, México : Universidad de Guadalajara, 2015
Нөхцлүүд:
Шошгууд: Шошго нэмэх
Шошго байхгүй, Энэхүү баримтыг шошголох эхний хүн болох!

MARC

LEADER 00000nam^a2200000^a^4500
001 000354439
005 20250521000000.0
009 20260310115136.752
037 |a Acervo ITESO - Biblioteca 
041 |a ESP 
082 |a 302. 23550972352  |b MUE 2015-PM 
111 |a Muestra de Cine Mexicano en Guadalajara (  |n 30a :  |d 2015 :  |c Guadalajara, México) 
240 1 1 |a [Festival Internacional de Cine en Guadalajara 2015] 
240 1 1 |a [Muestra de Cine Mexicano en Guadalajara] 
245 1 0 |a FICG 30 :  |b 6-15 [de] marzo [de 2015] : programa de mano /  |c Muestra de Cine Mexicano en Guadalajara. 
264 1 |a Guadalajara, México :  |b Universidad de Guadalajara,  |c 2015 
300 |a 81 p. 
336 |a texto  |b txt  |2 rdacontenido 
337 |a sin mediación  |b n  |2 rdamedio 
338 |a volumen  |b nc  |2 rdasoporte 
546 |a Edición bilingüe español-inglés 
649 |a XX 
650 |a Cineastas Italianos -  |x Homenajes 
650 |a Cineastas Mexicanos -  |x Homenajes 
650 |a Cineastas Rusos -  |x Homenajes 
650 |a Actores Españoles -  |x Homenajes 
650 |a Actores Mexicanos -  |x Homenajes 
650 |a Mujeres Españolas -  |x Homenajes 
650 |a Mujeres Mexicanas -  |x Homenajes 
650 |a Música en el Cine -  |x Ciclos y Retrospectivas 
650 |a Medio Ambiente en el Cine -  |x Ciclos y Retrospectivas 
650 |a Películas Infantiles -  |x Ciclos y Retrospectivas 
650 |a Cine Mexicano -  |x Festivales -  |x Tema Principal 
650 |a Cine Mexicano -  |x Ciclos y Retrospectivas 
650 |a Cine Mexicano -  |x Historia y Crítica 
650 |a Cine Mexicano -  |y 2010-2019 
650 |a Cine Mexicano -  |y Siglo XXI 
650 |a Cine Iberoamericano -  |x Festivales -  |x Tema Principal 
650 |a Cine Iberoamericano -  |x Historia y Crítica 
650 |a Cine Iberoamericano -  |y 2010-2019 
650 |a Cine Iberoamericano -  |y Siglo XXI 
650 |a Cine Italiano -  |x Ciclos y Retrospectivas 
650 |a Cine Europeo -  |x Ciclos y Retrospectivas 
650 |a Cine -  |x Festivales -  |z Guadalajara, Jalisco -  |x Tema Principal 
650 |a Cine -  |x Festivales -  |z México 
650 |a Cine -  |x Festivales -  |x Catálogos 
650 |a Cine -  |x Reseñas 
650 |a Abril, Victoria 
650 |a Bertolucci, Bernardo 
650 |a Goldenblank, Boris 
650 |a Hermosillo, Jaime Humberto 
650 |a Vega, Isela 
910 |a Fondo General 
920 |a Impresos - Libros 
930 |a Obras de Referencia 
905 |a 102 
901 |a 0500247088  |b IT2  |c REF  |i C145944  |u 20250521 
902 |a https://opac.biblio.iteso.mx/vufind/Record/000354439